Myles Smith and Niall Horan - Drive Safe - All lyrics - Statistics

General Stats
  • This quiz has been taken 21 times
  • The average score is 270 of 303
Answer Stats
Answer % Correct
a
100%
And
100%
and
100%
break
100%
But
100%
do
100%
don't
100%
drive
100%
drive,
100%
fall
100%
fall,
100%
go
100%
hell
100%
I
100%
it
100%
just
100%
know
100%
know,
100%
know?
100%
safe
100%
safe,
100%
Tears
100%
you
100%
along
93%
be
93%
can
93%
gonna
93%
is
93%
let
93%
Life
93%
might
93%
So
93%
takes
93%
the
93%
to
93%
way
93%
we
93%
We
93%
wherever
93%
your
93%
always
87%
apart
87%
feel
87%
Follow
87%
heart,
87%
I'll
87%
loose
87%
road,
87%
us
87%
what's
87%
change
80%
for
80%
home
80%
see
80%
that
80%
worlds
80%
hope
73%
long
73%
(Oh-oh-oh)
73%
ooh
73%
Ooh-ooh
73%
people
73%
away
67%
in
67%
love
67%
okay
67%
on
67%
seasons
67%
Watching
67%
You'll
67%
as
60%
can't
60%
face
60%
gotta
60%
grow,
60%
It's
60%
own,
60%
walk
60%
Feelings
53%
fine
53%
like
53%
me,
53%
our
53%
sad
53%
set
53%
stone
53%
Ah,
40%
escape
40%
running
40%
walls
40%
hey)
33%
tell
33%
are
27%
when
27%
Wishing
27%
crumbling,
13%
(Ha,
7%
No matching quizzes found
Score Distribution
Percent of People with Each Score
Percentile by Number Answered
Your Score History
You have not taken this quiz